Stacje Kolei Śląskich: S8 - Statystyki

Ogólne statystyki
  • Ten quiz został rozwiązany 46 razy
  • Średni wynik to 12 z 17
Statystyki odpowiedzi
Nazwa % Poprawnych
1 Katowice
97%
6 Bytom
82%
17 Lubliniec
79%
12 Tarnowskie Góry
76%
3 Chorzów Batory
74%
7 Bytom Karb
71%
14 Kalety
71%
10 Radzionków
71%
4 Chorzów Miasto
68%
13 Miasteczko Śląskie
68%
11 Nakło Śląskie
68%
5 Chorzów Stary
66%
2 Katowice Załęże
66%
15 Koszęcin
63%
9 Radzionków Rojca
61%
8 Bytom Północ
53%
16 Rusinowice
47%
Nie znaleziono quizów pasujących do podanych kryteriów
Rozkład punktacji
Procent ludzi z każdym wynikiem
Percentyl według liczby udzielonych odpowiedzi
Twoja historia wyników
Nie rozwiązałeś tego quizu